Stochastic integrals /
Guardado en:
| Autor Principal: | |
|---|---|
| Formato: | Libro |
| Idioma: | English |
| Publicado: |
New York :
Academic Press,
1969.
|
| Series: | Probability and mathematical statistics : a series of monographs and textbooks ;
5 |
| Etiquetas: |
Agregar Etiqueta
Sin Etiquetas, Sea el primero en etiquetar este registro!
|
| LEADER | 00823cam a22002055 4500 | ||
|---|---|---|---|
| 001 | MAT.inmabb001871 | ||
| 008 | 690509s1969####nyu######b####001#0#eng#d | ||
| 005 | 20160531171806.0 | ||
| 245 | 1 | 0 | |a Stochastic integrals / |c H. P. McKean, Jr. |
| 260 | |a New York : |b Academic Press, |c 1969. | ||
| 300 | |a xiii, 140 p. ; |c 24 cm. | ||
| 490 | 0 | |a Probability and mathematical statistics : a series of monographs and textbooks ; |v 5 | |
| 504 | |a Bibliografía: p. 133-138. | ||
| 505 | 0 | |a 1. Brownian motion -- 2. Stochastic integrals and differentials -- 3. Stochastic integral equations (d=1) -- 4. Stochastic integral equations (d>=2). | |
| 510 | 4 | |a MR, |c 40 #947 | |
| 100 | 1 | |a McKean, Henry P. | |
| 084 | |a 60Hxx |2 msc2000 | ||
| 010 | |a 79075025 | ||
| 859 | |h 60 |i M478 |p A-3359 |b BIB. MATEMATICA | ||
| 859 | |h 60 |i M478 |p A-6533 |t Ej. 2 |b BIB. MATEMATICA | ||
